000
00278nam a22001217a 4500
008
181205b xxu||||| |||| 00| 0 eng d
041
_a
eng
080
_2
6 TH
_a
616.12
100
_a
8
101
_a
KAR
245
_a
Practical Electrocardiogarphy
_c
Henry.J.M
942
_2
udc
_c
BK
999
_c
52855
_d
52855